000
00303nam a2200109 a 4500
005
20140408090030.0
008
021128s19uu xx 00 eng d
050
_a
PHS '00
_b
M81 #31
100
_a
Mori, Kathleen
245
_a
The Effects of stress on fourth year students and how they cope.
942
_c
PASS
999
_c
96404
_d
96404